000 00413nam a2200169Ia 4500
008 230711s9999||||xx |||||||||||||| ||und||
020 _a978-93-81162-72-9
041 _aENG
082 _a547
_bAH-G
100 _aAhluwalia,V.K
245 0 _aStrategies for green organic synthesis
250 _a1st Ed.
260 _c2016
_aNew Delhi
_bAne Books Pvt.Ltd
300 _a352p.
650 _aChemistry
942 _cBK
999 _c6190
_d6190